00589nmm a2200145 a 4500001001500000005001700015008004100032100002800073245007600101260006200177300001100239856008200250999001500332952009600347ASINB00EAFF1XW20140909211756.0140909s1986 xxu eng d1 aFair Weather, Virginia.10aCivil engineering :btwo shapes share one spin /cVirginia Fir Weather. aNew York :bAmerican Society of Civil Engineering,c1986. a130 p.403Amazon.comuhttp://www.amazon.com/exec/obidos/ASIN/B00EAFF1XW/chopaconline-20 c9654d9654 00104070aQUESTCLbQUESTCLd2014-09-09l0oFAIpD273r2014-09-09 00:00:00w2014-09-09yBK